000 00300 a2200145 4500
001 171661
020 _a
040 _cMagnum
100 _aTeixeira, Yolanda Mourao
240 1 0 _aO passaro azul
_lpor
245 1 0 _aO passaro azul
362 0 _a1899
697 _aIJ/FADAS, FANTASIA
942 _cBK
999 _c171661
_d171661